World Cities by Mayor - Statistics

General Stats
  • This quiz has been taken 18 times
  • The average score is 10 of 16
Answer Stats
Mayor City % Correct
Boris Johnson London
100%
Bill DeBlasio New York
100%
Li Ximing Beijing
94%
Recep Tayyip Erdoğan Istanbul
88%
Eric Garcetti Los Angeles
75%
Anne Hidalgo Paris
75%
Willy Brandt West Berlin
75%
Richard M. Daley Chicago
69%
Joko Widodo Jakarta
69%
Rob Ford Toronto
63%
Toru Hashimotu Osaka
56%
London Breed San Francisco
50%
Shubha Raul Mumbai
25%
Herman Mashaba Johannesburg
13%
Fernando Haddad Sao Paulo
6%
Kuma Demeksa Addis Ababa
0%
No matching quizzes found
Score Distribution
Percent of People with Each Score
Percentile by Number Answered
Your Score History
You have not taken this quiz